FIVE POINT SOMEONE (Record no. 2737)
[ view plain ]
| 000 -LEADER | |
|---|---|
| fixed length control field | 00598nam a22001457a 4500 |
| 020 ## - INTERNATIONAL STANDARD BOOK NUMBER | |
| ISBN | 978-81-291-0459-5 |
| 082 ## - DEWEY DECIMAL CLASSIFICATION NUMBER | |
| Classification number | 823 |
| Item number | BHA/F |
| 100 ## - MAIN ENTRY--AUTHOR NAME | |
| Personal name | BHAGAT, CHETAN |
| 245 ## - TITLE STATEMENT | |
| Title | FIVE POINT SOMEONE |
| 260 ## - PUBLICATION, DISTRIBUTION, ETC. (IMPRINT) | |
| Place of publication | DELHI |
| Name of publisher | RUPA PUBLICATIONS |
| Year of publication | 2004 |
| 300 ## - PHYSICAL DESCRIPTION | |
| Number of Pages | 267 |
| 520 ## - SUMMARY, ETC. | |
| Summary, etc | Five Point Someone is a story about three friends in IIT who are unable to cope. The book starts with a disclaimer, “This is not a book to teach you how to get into IIT or even how to live in college. In fact, it describes how screwed up things can get if you don't think straight.” |
| 650 ## - SUBJECT ADDED ENTRY--TOPICAL TERM | |
| Topical Term | NOVEL |
| Geographic subdivision | INDIA |
| 942 ## - ADDED ENTRY ELEMENTS (KOHA) | |
| Koha item type | Books |
| Withdrawn status | Lost status | Collection code | Home library | Current library | Shelving location | Date acquired | Source of acquisition | Cost, normal purchase price | Full call number | Accession Number | Koha item type |
|---|---|---|---|---|---|---|---|---|---|---|---|
| Fiction | Main Library | Main Library | SHELF-14B -ALPHABETICAL -B--ENGLISH NOVELS & FICTIONS | 22/04/2015 | purchase | 140.00 | 823 BHA/F | 08498 | Books | ||
| Fiction | Main Library | Main Library | SHELF-14B -ALPHABETICAL -B--ENGLISH NOVELS & FICTIONS | 07/11/2016 | purchase | 176.00 | 823 BHA/F | 09822 | Books |